00477nam a2200169Ia 4500008004100000082000800041100002800049245003300077250000600110260002800116300001000144500002400154650001500178942000700193952009000200999001700290230524s9999 xx 000 0 und d bAGG aRohini Aggarawal942699 0aMercantile & Commercial Laws a1 aNew DelhibTaxmanc2016 a533p; aQuantity Number: 1 aManagement cBK 00104070aTATCLbTATCLcGENd2023-05-24l0o AGGp54050r2023-05-24w2023-05-24yBK c57687d57687